000 01311cam a2200325 i 4500
001 19864302
005 20180913131223.0
008 180913s2016 ck a b 001 0 spa d
010 _a 2017456755
020 _a9789587147056
035 _a(BO-CbLA)la1707R12353
040 _aCO-BoUCM
_bspa
_cSaul Niño
_dSaul Niño
041 0 _aspa
060 _aWA 695
245 0 4 _aLas políticas alimentarias y nutricionales en Colombia y América Latina
_bhistoria, contexto y desafíos
_cLorena Patricia Mancilla López, Luz Stella Álvarez Castaño, Elsury Johanna Pérez Isaza, editoras
260 _aMedellín (Colombia)
_bUniversidad de Antioquia
_c2016
300 _axxvii, 199 páginas
_bilustraciones
490 0 _aSalud. Nutrición y dietética
650 7 _aPolítica nutricional
_zColombia
_922006
650 7 _aPolítica nutricional
_zAmérica Latina
_922006
650 7 _aSeguridad alimenticia
_924086
650 7 _aPolítica alimenticia
_921916
650 7 _aPolítica social
_922021
650 7 _aSalud pública
_98073
700 1 _aMancilla López, Lorena Patricia
_eeditor
_993610
700 1 _aAlvarez Castaño, Luz Stella
_eeditor
_993611
700 1 _aPérez Isaza, Elsury Johanna
_eeditor
_993612
942 _2NLM
_a26
_cLIBRO
_e1
_hWA 695
_mP779a
999 _c310534
_d310534